| 000 | 00932nam a2200373Ia 4500 | ||
|---|---|---|---|
| 001 | 4347 | ||
| 005 | 20240113233730.0 | ||
| 007 | ta | ||
| 008 | 170615s1981 ii a g b000 u asm u | ||
| 020 | _cRs. 8.50 (HB) | ||
| 040 | _aCotton College,Assam | ||
| 041 | _aasm | ||
| 082 |
_a891.41 _bTh 326 Pa |
||
| 100 | _aThakuria, Ramcharan . | ||
| 245 | 0 |
_aPath Samiksha Prasangat / _cRamcharan Thakuria. _hTextual Documents |
|
| 250 | _a1st ed. / | ||
| 260 |
_aPathshala : _bPathshala Sahitya Sabha , _c1981. |
||
| 300 |
_a77p. : _bill ; _c21cm . |
||
| 365 | _aRs. 8.50 | ||
| 504 | _aIndex | ||
| 653 | _aAssamese Literature-Criticism | ||
| 653 | _aPG-Assamese | ||
| 653 | _aG-Assamese | ||
| 942 |
_2ddc _cBK |
||
| 999 |
_c4334 _d4334 |
||